000 00372nam a2200157Ia 4500
008 230917s9999||||xx |||||||||||||| ||und||
040 _e134274
_aMAIN
041 _aEnglish
082 _a658.3 M426H
100 _aMaths, Robert
245 0 _aHuman resource management
250 _a10th ed.
260 _aAustralia
_bThomson
_c2003
300 _a649p p.
942 _cBK
999 _c138862
_d138862